MICROBIOLOGY FOR NURSING & ALLIED SCIENCE (Record no. 2264)

MARC details
000 -LEADER
fixed length control field 00351nam a2200145Ia 4500
008 - FIXED-LENGTH DATA ELEMENTS--GENERAL INFORMATION
fixed length control field 150201s2012 xx 000 0 und d
082 ## - DEWEY DECIMAL CLASSIFICATION NUMBER
Classification number 616.01
Item number M12A
100 ## - MAIN ENTRY--PERSONAL NAME
Personal name ARORA, D.R.
245 ## - TITLE STATEMENT
Title MICROBIOLOGY FOR NURSING & ALLIED SCIENCE
250 ## - EDITION STATEMENT
Edition statement 2ND
260 ## - PUBLICATION, DISTRIBUTION, ETC. (IMPRINT)
Name of publisher, distributor, etc. CBS
Place of publication, distribution, etc. DELHI
Date of publication, distribution, etc. 2012
300 ## - PHYSICAL DESCRIPTION
Extent 294
650 ## - SUBJECT ADDED ENTRY--TOPICAL TERM
Topical term or geographic name as entry element MICROBIOLOGY
942 ## - ADDED ENTRY ELEMENTS (KOHA)
Source of classification or shelving scheme Dewey Decimal Classification
Koha item type Books
Koha issues (borrowed), all copies 39
Holdings
Withdrawn status Lost status Source of classification or shelving scheme Damaged status Not for loan Collection code Home library Current library Shelving location Date acquired Source of acquisition Cost, normal purchase price SGTU Bill Number Total Checkouts Full call number Barcode Date last seen Date last checked out Bill Date Koha item type
    Dewey Decimal Classification     NURSING SGT Medical Library SGT Medical Library Text Book 06/07/2014 ABC DELHI 395.00 SGTU 4669 14 616.01 M12A FN1739 27/12/2025 12/12/2025 06/07/2014 Books
    Dewey Decimal Classification     NURSING SGT Medical Library SGT Medical Library Text Book 06/07/2014 ABC DELHI 395.00 SGTU 4669 18 616.01 M12A FN1740 10/01/2025 10/01/2025 06/07/2014 Books
    Dewey Decimal Classification     NURSING SGT Medical Library SGT Medical Library Text Book 06/07/2014 ABC DELHI 395.00 SGTU 4669 21 616.01 M12A FN1741 06/01/2026 08/12/2025 06/07/2014 Books
    Dewey Decimal Classification     NURSING SGT Medical Library SGT Medical Library Text Book 06/07/2014 ABC DELHI 395.00 SGTU 4669 15 616.01 M12A FN1742 09/10/2023 09/10/2023 06/07/2014 Books
    Dewey Decimal Classification     NURSING SGT Medical Library SGT Medical Library Text Book 06/07/2014 ABC DELHI 395.00 SGTU 4669 16 616.01 M12A FN1743 20/01/2025 07/01/2025 06/07/2014 Books